000 01231nam0a2200337 4500
001 RU\NLR\bibl\1799271
005 20250616145715.0
010 _a978-5-9507-1367-5
_92000
021 _aRU
_b2011-54395
_93874
035 _a(NLR Aleph) 001789945
090 _a1750974
_c1750974
100 _a20110816d2011 |||y0rusy50 ca
101 0 _arus
102 _aRU
105 _ay |||||||||
200 1 _aШутят студенты, шутят профессора
_eсборник анекдотов
_f[сост.: д.э.н., проф. Г.Р. Хасаев]
210 _aСамара
_cУчебная литература
_cФедоров
_d2011
215 _a263 с.
_d19
606 1 _aАнекдоты русские
_z21 в.
_92516325
_3RU\NLR\auth\661491381
606 1 _aПедагогика
_9921924
_3RU\NLR\auth\6619222
686 _aШ3(2=1Р)8-670
686 _aШ3(2=1Р)8-697
686 _aЧ30я48
702 1 _4220
_7ca
_8rus
_aХасаев
_bГ. Р.
_f1951-
_gГабибулла Рабаданович
_9159980
_3RU\NLR\AUTH\770160021
801 0 _aRU
_bNLR
_c20110816
_gRCR
801 1 _aRU
_bNLR
_c20110816
830 _aсост. раскрыт по ЭК
942 _cBOOK
980 _aNB
980 _aNBR